000 00377 a2200121 4500
001 ART_12395
005 20260410161905.0
008 260409a
245 1 0 _aOn formulation of empirical models in dynamic econometrics
100 1 _aHendry, David F.
700 1 _aRichard, J.F.
773 0 _tJournal of econometrics
_g- Vol. 20, NÂș 1 (oct. 1982)
_wREV11720
999 _c26324
_d26324